Reality butes: selected essays 1995-2015/

Guardat en:
Dades bibliogràfiques
Autor principal: LOOTSMA, Bart
Format: Llibre
Idioma:anglès
Publicat: Verlag GmBH 2016
Etiquetes: Afegir etiqueta
Sense etiquetes, Sigues el primer a etiquetar aquest registre!

MARC

LEADER 00000nam a22000007a 4500
008 210817b ||||| |||| 00| 0 eng d
020 |a ISBN: 978-3-99043-366-9 
100 |a LOOTSMA, Bart. 
245 |a Reality butes:  |b selected essays 1995-2015/  |c Bart Lootsma.-  |g 304p. 
260 |b  Verlag GmBH  |c  2016  |h Basel, Switzerland  |i 696465 – EDM  |i 696466  |l NA2543 .T43L87  |m 1. Architectural design – Data processing  |m 2. Architecture and technology.  |m 3. Architecture Modern – 20th century  |m 4. Architectural practice, International 
942 |a lcc  |c BK 
999 |c 1561  |d 1561